K právní úpravě ochrany ovzduší

Právne predpisy na ochranu ovzdušia v ČR. Limity znečistenia ovzdušia: emisné, imisné a depozitné. Emisné limity stanovené na úrovni krajín ES. Povinnosť znečisťovateľov merať na svoje náklady emisie. Poplatky pre znečisťovateľov.

Salvato in:
Dettagli Bibliografici
Autore principale: Zeman, J.
Natura: Capitolo di libro
Lingua:ceco
Soggetti:
Tags: Aggiungi Tag
Nessun Tag, puoi essere il primo ad aggiungerne!!

MARC

LEADER 00000naa a2200000 4500
001 r017476
005 20221213082439.6
041 0 |a cze 
044 |a CZ 
245 1 0 |a K právní úpravě ochrany ovzduší  |c J. Zeman 
520 |a Právne predpisy na ochranu ovzdušia v ČR. Limity znečistenia ovzdušia: emisné, imisné a depozitné. Emisné limity stanovené na úrovni krajín ES. Povinnosť znečisťovateľov merať na svoje náklady emisie. Poplatky pre znečisťovateľov. 
610 2 0 |a znečistenie ovzdušia 
610 2 0 |a imisie 
610 2 0 |a limity 
610 2 0 |a ochrana prostredia životného 
610 2 0 |a Česko 
610 2 0 |a predpisy právne 
610 2 0 |a poplatky 
100 1 |a Zeman, J.